Giáo trình lý luận nhà nước và pháp luật
Sách trình bày, chứng giải một cách khoa học các vấn đề cơ bản về hiện tượng nhà nước và pháp luật: những khái niệm chung, các kiểu nhà nước và pháp luật chiếm hữu nô lệ, phong kiến và tư sản, nhà nước xã hội chủ nghĩa, pháp luậ...
Αποθηκεύτηκε σε:
| Κύριος συγγραφέας: | |
|---|---|
| Μορφή: | Βιβλίο |
| Γλώσσα: | Undetermined |
| Έκδοση: |
Hà Nội
Công an nhân dân
2009
|
| Θέματα: | |
| Ετικέτες: |
Προσθήκη ετικέτας
Δεν υπάρχουν, Καταχωρήστε ετικέτα πρώτοι!
|
| Thư viện lưu trữ: | Trung tâm Học liệu Trường Đại học Cần Thơ |
|---|
| LEADER | 01074nam a2200217Ia 4500 | ||
|---|---|---|---|
| 001 | CTU_148809 | ||
| 008 | 210402s9999 xx 000 0 und d | ||
| 020 | |c 58000 | ||
| 082 | |a 342.597 | ||
| 082 | |b T120 | ||
| 100 | |a Lê, Minh Tâm | ||
| 245 | 0 | |a Giáo trình lý luận nhà nước và pháp luật | |
| 245 | 0 | |c Lê Minh Tâm ( chủ biên ) ... [ et al. ] | |
| 260 | |a Hà Nội | ||
| 260 | |b Công an nhân dân | ||
| 260 | |c 2009 | ||
| 520 | |a Sách trình bày, chứng giải một cách khoa học các vấn đề cơ bản về hiện tượng nhà nước và pháp luật: những khái niệm chung, các kiểu nhà nước và pháp luật chiếm hữu nô lệ, phong kiến và tư sản, nhà nước xã hội chủ nghĩa, pháp luật xã hội chủ nghĩa. | ||
| 650 | |a Constitutions, state,Hiến pháp | ||
| 650 | |z Vietnam,Việt Nam | ||
| 904 | |i Tươi, Kiều Nguyên | ||
| 980 | |a Trung tâm Học liệu Trường Đại học Cần Thơ | ||